Machine-learning Techniques in Economics New Tools for Predicting Economic Growth
Uložené v:
| Hlavný autor: | |
|---|---|
| Ďalší autori: | , |
| Médium: | Kniha |
| Jazyk: | English |
| Vydavateľské údaje: |
Cham
Springer
2017
|
| Edícia: | Springer Briefs in Economics
|
| Predmet: | |
| Tagy: |
Žiadne tagy, Buďte prvý, kto otaguje tento záznam!
|
MARC
| LEADER | 00000nam a2200000 4500 | ||
|---|---|---|---|
| 001 | 0245599 | ||
| 005 | 20240221112937.4 | ||
| 020 | |a 978-3-319-69013-1 | ||
| 041 | 0 | |a eng | |
| 044 | |a CH | ||
| 245 | 1 | 0 | |a Machine-learning Techniques in Economics |b New Tools for Predicting Economic Growth |c Atin Basuchoudhary, James T. Bang, Tinni Sen |
| 264 | 1 | |a Cham |b Springer |c 2017 | |
| 300 | |a 91 s. | ||
| 490 | 1 | |a Springer Briefs in Economics | |
| 830 | 0 | |a Springer Briefs in Economics | |
| 610 | 2 | 0 | |a rast hospodársky |
| 610 | 2 | 0 | |a recesia |
| 610 | 2 | 0 | |a cykly obchodné |
| 610 | 2 | 0 | |a prognózovanie |
| 610 | 2 | 0 | |a metodológia |
| 610 | 2 | 0 | |a odhad štatistický |
| 610 | 2 | 0 | |a ekonometria |
| 610 | 2 | 0 | |a modely |
| 610 | 2 | 0 | |a algoritmy |
| 100 | 1 | |a Basuchoudhary, Atin | |
| 700 | 1 | |a Bang, James T. | |
| 700 | 1 | |a Sen, Tinni | |